000 00526nam a2200169Ia 4500
999 _c35136
_d35136
003 OSt
005 20231211115755.0
008 190216s9999||||xx |||||||||||||| ||und||
040 _coclc
082 _a954.83
_bMEN/K
100 1 _aSreedhara Menon, A.
_910096
245 0 _aKerala District Gazetteers /
_cA Sreedhara Menon
260 _bSuperintendent Of Govt. Presses,
_c1962.
_aTrivandrum:
300 _a793p
650 _aKerala District Gazetteers
942 _cREF
_2ddc
_h954.83
_iMEN/K
_k954.83
_mMEN/K